Rama eléctrica y electrónica (Record no. 117411)

MARC details
000 -LEADER
campo de control de longitud fija 00680nam a2200205 4500
001 - NÚMERO DE CONTROL
campo de control 117411
003 - IDENTIFICADOR DE NÚMERO DE CONTROL
campo de control ES-MaACL
005 - FECHA Y HORA DE LA ÚLTIMA TRANSACCIÓN
campo de control 20230906190911.0
007 - CAMPO FIJO DE DESCRIPCIÓN FÍSICA--INFORMACIÓN GENERAL
campo de control de longitud fija t|
008 - DATOS DE LONGITUD FIJA--INFORMACIÓN GENERAL
campo de control de longitud fija 070214s1965 sp r ||||1| spa d
100 1# - ENTRADA PRINCIPAL--NOMBRE DE PERSONA
Nombre de persona Peciña Espadas, José.
9 (RLIN) 89852
245 10 - MENCIÓN DEL TÍTULO
Título Rama eléctrica y electrónica
Resto del título : taller /
Mención de responsabilidad, etc. José Peciña Espadas ; Antonio Rubio Moreno.
260 ## - PUBLICACIÓN, DISTRIBUCIÓN, ETC.
Lugar de publicación, distribución, etc. Madrid :
Nombre del editor, distribuidor, etc. [s.n.],
Fecha de publicación, distribución, etc. 1965 (
Fabricante Imp. Samarán)
300 ## - DESCRIPCIÓN FÍSICA
Extensión 2 v. :
Otras características físicas il ;
Dimensiones 26 cm.
490 1# - MENCIÓN DE SERIE
Mención de serie Formación profesional industrial
700 1# - ENTRADA AGREGADA--NOMBRE PERSONAL
Nombre de persona Rubio Moreno, Antonio.
9 (RLIN) 100434
830 0# - PUNTO DE ACCESO ADICIONAL DE SERIE-TÍTULO UNIFORME
Título uniforme Formación profesional industrial
9 (RLIN) 183866
852 ## - LOCALIZACIÓN
Ubicación ES-MaACL
Número de control de estantería C-28416-7
Sublocalización o colección R.57785
Holdings
Estatus retirado Estado de pérdida Estado de daño No para préstamo Biblioteca de origen Biblioteca actual Ubicación en estantería Fecha de adquisición Fuente de adquisición Total de préstamos Signatura topográfica completa Código de barras Visto por última vez Precio de reemplazo Tipo de ítem Koha
        Biblioteca del Ateneo de Madrid Biblioteca del Ateneo de Madrid Depósito 2 17/01/2008     C-28416-7 1122412 23/02/2023 23/02/2023 Libro impreso